Elektronický obchod stále v plienkach

V Amerike predstavuje elektronický obchod úplnú klasiku nakupovania, v západnej Európe zaznamenáva stále silnejší rozmach, v Čechách boom. Situácia na Slovensku - prekážky. Zásielkový verzus elektronický obchod. Aký bude vývoj. Ideálny e-shopping.

Gespeichert in:
Bibliographische Detailangaben
1. Verfasser: Palovič, Dag
Format: Buchkapitel
Sprache:Slowakisch
Schlagworte:
Tags: Tag hinzufügen
Keine Tags, Fügen Sie das erste Tag hinzu!

MARC

LEADER 00000naa$a2200000$$$4500
001 0034256
005 20231107123642.4
041 0 |a slo 
044 |a SK 
245 1 0 |a Elektronický obchod stále v plienkach  |c Dag Palovič 
520 |a V Amerike predstavuje elektronický obchod úplnú klasiku nakupovania, v západnej Európe zaznamenáva stále silnejší rozmach, v Čechách boom. Situácia na Slovensku - prekážky. Zásielkový verzus elektronický obchod. Aký bude vývoj. Ideálny e-shopping. 
610 2 0 |a obchod elektronický 
610 2 0 |a svet 
610 2 0 |a Slovensko 
610 2 0 |a prognózy 
100 1 |a Palovič, Dag